书目信息 |
| 题名: |
分子轨道近似方法理论
|
|
| 作者: | 波普尔 , 贝弗里奇 著 ;江元生 译 | |
| 分册: | ||
| 出版信息: | 北京 科学出版社 1976 |
|
| 页数: | 239页 | |
| 开本: | 19cm | |
| 丛书名: | ||
| 单 册: | ||
| 中图分类: | O641.12 | |
| 科图分类: | ||
| 主题词: | 化学键--量子力学--理论 | |
| 电子资源: | ||
| ISBN: | ||
| 000 | 00772nam0 2200253 45 | |
| 001 | 0176001861 | |
| 005 | 20060727172615.31 | |
| 010 | @dCNY0.80 | |
| 091 | @a13031.465 | |
| 100 | @a19951013d1976 em y0chiy0121 ea | |
| 101 | 1 | @achi@ceng |
| 102 | @aCN@b110000 | |
| 105 | @ay z 000yy | |
| 200 | 10 | @a分子轨道近似方法理论@Afen zi gui dao jin shi fang fa li lun@f(美)J.A.波普尔,D.L.贝弗里奇著@F(Mei)J.A.Bo Pu Er,D.L.Bei Fu Li Qi Zhu@g江元生译 |
| 210 | @a北京@c科学出版社@d1976 | |
| 215 | @a239页@d19cm | |
| 606 | @a化学键@x量子力学@x理论 | |
| 690 | @aO641.12@v3 | |
| 701 | 0 | @a波普尔@4著 |
| 701 | 0 | @a贝弗里奇@4著 |
| 702 | 0 | @a江元生@Ajiang yuan sheng@4译 |
| 801 | 0 | @aCN@b广东省中山图书馆@c20060727 |
| 801 | 2 | @aCN@bNLC@c20060724 |
| 905 | @dO641.12@e1@f1@b4534 | |
| 分子轨道近似方法理论/(美)J.A.波普尔,D.L.贝弗里奇著/江元生译.-北京:科学出版社,1976 |
| 239页;19cm |
| ISBN :CNY0.80 |
| ● |
| 相关链接 |
|
|
|
|
正题名:分子轨道近似方法理论
索取号:O641.12/1
 
预约/预借
| 序号 | 登录号 | 条形码 | 馆藏地/架位号 | 状态 | 备注 |
| 1 | 0003042 | 000347128 | 第三借阅区/ [索取号:O641.12/1] | 在馆 | |
| 2 | 0004532 | 202105499 | 第二样本阅览室/ [索取号:O641.12/1] | 在馆 | |
| 3 | 0004533 | 000347057 | 第三借阅区/ [索取号:O641.12/1] | 在馆 | |
| 4 | 0004534 | 000347119 | 第三借阅区/ [索取号:O641.12/1] | 在馆 | |
| 5 | 0072021 | 001939004 | 第三借阅区/ [索取号:O641.12/1] | 在馆 | |
| 6 | 0433162 | 204331623 | 密集书库/ [索取号:O641.12/1] | 在馆 | |
| 7 | 0433854 | 204338546 | 密集书库/ [索取号:O641.12/1] | 在馆 |